000 00655nam a2200241 i 4500
001 C2-0146234
003 PPAK
005 20180727131132.0
008 980315s1985 xxka|||| ||||| | eng d
020 _a0860932044
040 _aPPAK
_beng
_cPPAK
_erda
082 0 4 _a385
_223
090 0 0 _a385
_bWHI
_dR
100 1 _aWhiteley, J.S.,
_eauthor
245 1 4 _aThe great western remembered
264 1 _aPoole, United Kingdom :
_bOxford University Press ,
_c1985
300 _a[n.p.] :
_billustrations ;
_c27 cm
336 _2rdacontent
_atext
337 _2rdamedia
_aunmediated
338 _2rdacarrier
_avolume
700 _eauthor
942 _ddc
_cB
999 _c46455
_d46455